Statystyki dla Zwierzęta na literę Ż

Kliknij tutaj aby rozwiązać quiz!

Ogólne statystyki

  • Ten quiz został rozwiązany 348 razy
  • Średni wynik to 6 z 10

Statystyki odpowiedzi

Zwierzę% Poprawnych
żaba
88%
żubr
80%
żyrafa
79%
żuk
75%
żbik
65%
żmija
62%
żuraw
59%
żółw
57%
żarłacz
27%
żako
17%

Rozkład punktacji

Percentyl według liczby udzielonych odpowiedzi

Procent ludzi z każdym wynikiem

Twoja historia wyników

Nie rozwiązałeś tego quizu